|
|
|
|
| LEADER |
00000nam0a2200000 4500 |
| 001 |
243991 |
| 005 |
20231101232020.0 |
| 010 |
|
|
|a 5292002879
|
| 020 |
|
|
|a RU
|b 90-25155
|
| 035 |
|
|
|a (RuTPU)RU\TPU\book\265348
|
| 090 |
|
|
|a 243991
|
| 100 |
|
|
|a 20131011d1990 k y0rusy5003 ca
|
| 101 |
0 |
|
|a rus
|
| 102 |
|
|
|a RU
|
| 105 |
|
|
|a a z 001zy
|
| 200 |
1 |
|
|a Теоретические основы многомерной геометрии и их приложения
|f А. И. Малахов
|g под ред. В. М. Николаева
|
| 210 |
|
|
|a Саратов
|c Изд-во Саратовского ун-та
|d 1990
|
| 215 |
|
|
|a 109,[2] с.
|c ил.
|d 20 см
|
| 320 |
|
|
|a Библиогр.: с. 103-110 (99 назв.)
|
| 606 |
1 |
|
|a Многомерная геометрия
|2 stltpush
|3 (RuTPU)RU\TPU\subj\44148
|9 63521
|
| 610 |
1 |
|
|a металлические системы
|
| 610 |
1 |
|
|a диаграммы состояний
|
| 610 |
1 |
|
|a метод проекций
|
| 610 |
1 |
|
|a многомерные фигуры
|
| 675 |
|
|
|a 514.185
|z rus
|v 3
|
| 700 |
|
1 |
|a Малахов
|b А. И.
|g Алексей Иванович
|4 070
|
| 702 |
|
1 |
|a Николаев
|b В. М.
|4 340
|
| 801 |
|
0 |
|a RU
|b RuMRKP
|c 19950417
|g psbo
|
| 801 |
|
1 |
|a RU
|b 63413507
|c 20131011
|
| 801 |
|
2 |
|a RU
|b 63413507
|c 20131016
|g RCR
|
| 942 |
|
|
|c BK
|